Cézanne - Aufbruch in die Moderne : [anläßlich der Ausstellung Cézanne - Aufbruch in die Moderne vom 18. September 2004 bis 16. Januar 2005 im Museum Folkwang]
Gespeichert in:
| Mitwirkende: | |
|---|---|
| Dokumenttyp: | Tagungsbericht Buch |
| Sprache: | German |
| Veröffentlicht: |
Ostfildern-Ruit
: Hatje Cantz
, 2004
|
| Schlagwörter: | |
| Online Zugang: | Inhaltsverzeichnis Inhaltsverzeichnis |
| Bibliogr. Hinweis: | Rezensiert in:
[Rezension von: Felix Baumann (Hrsg.), Cézanne - Aufbruch in die Moderne] |
| Verantwortlich: | Museum Folkwang. Hrsg. von Felix A. Baumann ... |
| LEADER | 05129cam a2200937 c 4500 | ||
|---|---|---|---|
| 001 | 386664846 | ||
| 003 | DE-627 | ||
| 005 | 20260614203611.0 | ||
| 007 | tu | ||
| 008 | 040505s2004 gw ||||| c 00| ||ger c | ||
| 015 | |a 04,N21,1672 |2 dnb | ||
| 020 | |a 3775714871 |q Gb. : ca. EUR 39.80, ca. CHF 66.00 |9 3-7757-1487-1 | ||
| 024 | 3 | |a 9783775714877 | |
| 035 | |a (DE-627)386664846 | ||
| 035 | |a (DE-603)122059069 | ||
| 035 | |a (DE-576)11172659X | ||
| 035 | |a (DE-599)GBV386664846 | ||
| 035 | |a (OCoLC)1532569552 | ||
| 035 | |a (OCoLC)76503650 | ||
| 035 | |a (OCoLC)315131815 | ||
| 035 | |a (DE-478)952283448 | ||
| 040 | |a DE-627 |b ger |c DE-627 |e rakwb | ||
| 041 | |a ger | ||
| 044 | |c XA-DE | ||
| 082 | 0 | |a 750 | |
| 082 | 0 | 4 | |a 750 |
| 084 | |a 9,10 |2 ssgn | ||
| 084 | |a LI 21810 |2 rvk |0 (DE-625)rvk/95753:13288 | ||
| 084 | |a LI 21800 |2 rvk |0 (DE-625)rvk/95753:13278 | ||
| 084 | |a 20.31 |2 bkl | ||
| 084 | |a 21.02 |2 bkl | ||
| 245 | 0 | 0 | |a Cézanne - Aufbruch in die Moderne |b [anläßlich der Ausstellung Cézanne - Aufbruch in die Moderne vom 18. September 2004 bis 16. Januar 2005 im Museum Folkwang] |c Museum Folkwang. Hrsg. von Felix A. Baumann ... |
| 263 | |a Gb. : ca. EUR 39.80, ca. CHF 66.00 | ||
| 264 | 1 | |a Ostfildern-Ruit |b Hatje Cantz |c 2004 | |
| 300 | |a 239 S. |b zahlr. Ill. |c 29 cm | ||
| 336 | |a Text |b txt |2 rdacontent | ||
| 336 | |a unbewegtes Bild |b sti |2 rdacontent | ||
| 337 | |a ohne Hilfsmittel zu benutzen |b n |2 rdamedia | ||
| 338 | |a Band |b nc |2 rdacarrier | ||
| 361 | 1 | |5 DE-Ha33 |y 164950165X |s 25.1175 |o Vorbesitz |a Raabe, Paul |0 (DE-588)118597434 |0 (DE-627)079389910 |0 (DE-576)162639511 | |
| 500 | |a Engl. Ausg. u.d.T.: Cézanne and the dawn of modern art | ||
| 583 | 1 | |a Archivierung/Langzeitarchivierung gewährleistet |f PEBW |x XA-DE-BW |2 pdager |5 DE-24 | |
| 583 | 1 | |a Archivierung/Langzeitarchivierung gewährleistet |f SSG |x XA-DE-BW |2 pdager |5 DE-16 | |
| 583 | 1 | |a Archivierung/Langzeitarchivierung gewährleistet |f SLG |z Frankreichforschung |2 pdager |5 DE-77 | |
| 600 | 1 | 7 | |0 (DE-588)118519964 |0 (DE-627)145379957 |0 (DE-576)160581893 |a Cézanne, Paul |d 1839-1906 |2 gnd |
| 648 | 7 | |a Geschichte 1895-1913 |2 gnd | |
| 650 | 0 | 7 | |0 (DE-588)4037220-0 |0 (DE-627)10623871X |0 (DE-576)209022892 |a Malerei |2 gnd |
| 651 | 7 | |0 (DE-588)4018145-5 |0 (DE-627)106327232 |0 (DE-576)208922857 |a Frankreich |2 gnd | |
| 655 | 7 | |a Ausstellungskatalog |x Museum Folkwang |y 18.09.2004-16.01.2005 |0 (DE-588)4135467-9 |0 (DE-627)10566491X |0 (DE-576)209660988 |2 gnd-content | |
| 655 | 7 | |a Ausstellungskatalog |y 2004 |z Essen |0 (DE-588)4135467-9 |0 (DE-627)10566491X |0 (DE-576)209660988 |2 gnd-content | |
| 655 | 7 | |a Biografie |0 (DE-588)4006804-3 |0 (DE-627)104213493 |0 (DE-576)208867147 |2 gnd-content | |
| 689 | 0 | 0 | |d p |0 (DE-588)118519964 |0 (DE-627)145379957 |0 (DE-576)160581893 |a Cézanne, Paul |d 1839-1906 |2 gnd |
| 689 | 0 | 1 | |d s |0 (DE-588)4037220-0 |0 (DE-627)10623871X |0 (DE-576)209022892 |a Malerei |2 gnd |
| 689 | 0 | |5 DE-101 | |
| 689 | 1 | 0 | |d g |0 (DE-588)4018145-5 |0 (DE-627)106327232 |0 (DE-576)208922857 |a Frankreich |2 gnd |
| 689 | 1 | 1 | |a z |2 gnd |a Geschichte 1895-1913 |
| 689 | 1 | |5 DE-101 | |
| 700 | 1 | |a Baumann, Felix |d 1937- |0 (DE-588)122958810 |0 (DE-627)082260001 |0 (DE-576)160199913 |4 oth | |
| 700 | 1 | |a Cézanne, Paul |d 1839-1906 |e Ill. |0 (DE-588)118519964 |0 (DE-627)145379957 |0 (DE-576)160581893 |4 ill | |
| 710 | 2 | |a Museum Folkwang |0 (DE-588)4018390-7 |0 (DE-627)106326139 |0 (DE-576)208924140 |4 oth | |
| 711 | 2 | |a Ausstellung Cézanne - Aufbruch in die Moderne |d 2004 - 2005 |c Essen |0 (DE-588)10088882-3 |0 (DE-627)627406203 |0 (DE-576)200003860 |4 oth | |
| 787 | 0 | 8 | |i Rezensiert in |a Feist, Peter H., 1928 - 2015 |t [Rezension von: Felix Baumann (Hrsg.), Cézanne - Aufbruch in die Moderne] |d Regensburg : Schnell und Steiner, 2005 |w (DE-627)1553464427 |w (DE-576)483464422 |
| 856 | 4 | 2 | |u https://swbplus.bsz-bw.de/bsz11172659xinh.htm |m V:DE-576 |v 2008-08-18 |3 Inhaltsverzeichnis |7 1 |
| 856 | 4 | 2 | |u https://scans.hebis.de/HEBCGI/show.pl?12205906_toc.pdf |m V:DE-605;X:Imageware |q application/pdf |3 Inhaltsverzeichnis |7 1 |
| 889 | |w (DE-576)471066710 | ||
| 889 | |w (DE-627)475231708 | ||
| 889 | |w (DE-627)896487679 | ||
| 935 | |a MZFRA | ||
| 935 | |i Blocktest | ||
| 936 | r | v | |a LI 21810 |b Beziehungen zu anderen Personen, Nachwirken von Persönlichkeit und Werk |k Kunstgeschichte |k Künstler-Monografien |k Alphabetische Künstlerliste |k Künstler C |k Cézanne, Paul (bis 21810) |k Beziehungen zu anderen Personen, Nachwirken von Persönlichkeit und Werk |0 (DE-627)1271604027 |0 (DE-625)rvk/95753:13288 |0 (DE-576)201604027 |
| 936 | r | v | |a LI 21800 |b Werkverzeichnisse, Ausstellungskataloge. Personalbibliografien |k Kunstgeschichte |k Künstler-Monografien |k Alphabetische Künstlerliste |k Künstler C |k Cézanne, Paul (bis 21810) |k Werkverzeichnisse, Ausstellungskataloge. Personalbibliografien |0 (DE-627)1270652672 |0 (DE-625)rvk/95753:13278 |0 (DE-576)200652672 |
| 936 | b | k | |a 20.31 |j Bildende Künstler |0 (DE-627)181571080 |
| 936 | b | k | |a 21.02 |j Geschichte der Malerei |0 (DE-627)106406698 |
| 936 | s | n | |a l300 |2 mzub |
| 951 | |a BO | ||
| 990 | |a Cézanne, Paul | ||
| 990 | |a Malerei | ||
| 990 | |a Frankreich | ||
| 990 | |a Geschichte 1895-1913 | ||
| 991 | |a Rezensiertes Werk | ||
| 999 | |a KXP-PPN386664846 |e 4133253086 | ||


